Las prosas de Stéphane Mallarmé (Record no. 96659)

MARC details
000 -LEADER
campo de control de longitud fija 00592nam a2200181 i 4500
001 - NÚMERO DE CONTROL
campo de control 96659
003 - IDENTIFICADOR DE NÚMERO DE CONTROL
campo de control ES-MaACL
005 - FECHA Y HORA DE LA ÚLTIMA TRANSACCIÓN
campo de control 20230906181944.0
007 - CAMPO FIJO DE DESCRIPCIÓN FÍSICA--INFORMACIÓN GENERAL
campo de control de longitud fija t|
008 - DATOS DE LONGITUD FIJA--INFORMACIÓN GENERAL
campo de control de longitud fija 050629s1942 sp ||||1| spa d
100 1# - ENTRADA PRINCIPAL--NOMBRE DE PERSONA
Nombre de persona Mallarmé, Stéphane (
Fechas asociadas al nombre 1842-1898)
9 (RLIN) 75791
245 14 - MENCIÓN DEL TÍTULO
Título Las prosas de Stéphane Mallarmé
Resto del título : (Antología) /
Mención de responsabilidad, etc. Stéphane Mallarmé; traducción y prefacio de Agustín Esclasans.
260 ## - PUBLICACIÓN, DISTRIBUCIÓN, ETC.
Lugar de publicación, distribución, etc. Barcelona :
Nombre del editor, distribuidor, etc. Aymá,
Fecha de publicación, distribución, etc. 1942.
300 ## - DESCRIPCIÓN FÍSICA
Extensión (1), 96 p., 3 h. ;
Dimensiones 19 cm.
500 ## - NOTA GENERAL
Nota general (1) Un ret.
700 1# - ENTRADA AGREGADA--NOMBRE PERSONAL
Nombre de persona Esclasans, Agustín.
9 (RLIN) 47545
852 ## - LOCALIZACIÓN
Ubicación ES-MaACL
Número de control de estantería F-15535
Sublocalización o colección R.19761
Holdings
Estatus retirado Estado de pérdida Estado de daño No para préstamo Biblioteca de origen Biblioteca actual Ubicación en estantería Fecha de adquisición Fuente de adquisición Total de préstamos Signatura topográfica completa Código de barras Visto por última vez Precio de reemplazo Tipo de ítem Koha
        Biblioteca del Ateneo de Madrid Biblioteca del Ateneo de Madrid Sala Pecera Planta 2 17/01/2008     F-15535 1100911 23/02/2023 23/02/2023 Libro impreso